Pools or Schools or Both? Diversification and Specialisation in Public Servises
Model dvoch obcí poskytujúcich dve verejné služby. Spolupráca medzi obcami alebo zlúčenie dvoch obcí do jednej jednotky by zlepšili blahobyt.
Saved in:
| Main Author: | |
|---|---|
| Other Authors: | , |
| Format: | Book Chapter |
| Language: | English |
| Subjects: | |
| Tags: |
No Tags, Be the first to tag this record!
|
MARC
| LEADER | 00000naa a2200000 4500 | ||
|---|---|---|---|
| 001 | 0259979 | ||
| 005 | 20240502074117.4 | ||
| 041 | 0 | |a eng | |
| 044 | |a SK | ||
| 245 | 1 | 0 | |a Pools or Schools or Both? Diversification and Specialisation in Public Servises |c Daniel Dujava, Tomáš Černěnko, Oliver Rafaj |
| 520 | |a Model dvoch obcí poskytujúcich dve verejné služby. Spolupráca medzi obcami alebo zlúčenie dvoch obcí do jednej jednotky by zlepšili blahobyt. | ||
| 610 | 2 | 0 | |a diverzifikácia |
| 610 | 2 | 0 | |a školy |
| 610 | 2 | 0 | |a služby verejné |
| 100 | 1 | |a Dujava, Daniel | |
| 700 | 1 | |a Černěnko, Tomáš, 1981- | |
| 700 | 1 | |a Rafaj, Oliver, 1989- | |